00000000nam 2200000zi 4500
0019.882659
003CaOODSP
00520221107170345
006m     o  d f      
007cr cn|||||||||
008191205t20182018onca    ob   f000 0 eng d
040 |aCaOODSP|beng|erda|cCaOODSP
0410 |aeng|beng|bfre
0861 |aD68-2/213-2018E-PDF
1001 |aNguyen, Bao U., |eauthor.
24510|aModelling cyber vulnerability using epidemic models / |cBao Nguyen, DRDC - Centre for Operational Research and Analysis.
264 1|aOttawa, Ontario : |bDefence Research and Development Canada = Recherche et développement pour la défense Canada, |c2018.
264 4|c©2018
300 |a1 online resource (vi, 26 pages, 2 unnumbered pages) : |bcolour illustrations.
336 |atext|btxt|2rdacontent
337 |acomputer|bc|2rdamedia
338 |aonline resource|bcr|2rdacarrier
4901 |aScientific report ; |vDRDC-RDDC-2017-R213
500 |a"Can unclassified."
500 |a"May 2018."
504 |aIncludes bibliographical references (pages 23-25).
5203 |a"This Scientific Report (SR) documents an epidemic model known as SIR (Susceptible-Infected-Removed units). We derive an approximated solution to the differential equations that define the SIR model. Unlike the exact SIR solution, the approximate solution is analytical and has a close form expression. We use this approximate model as an inspiration to cyber defence. Such a model allows us to investigate the characteristics of the propagation of electronic viruses. That is, we can determine the number of susceptible units, the number of infected unit and the number of removed units as a function of time. This information will eventually permit the defence to find ways to eradicate a virus attack"--Abstract, page i.
546 |aIncludes abstracts in English and French.
650 0|aComputer viruses.
650 0|aEpidemiology|zMathematical models.
650 6|aVirus informatiques.
650 6|aÉpidémiologie|xModèles mathématiques.
7102 |aDefence R&D Canada. |bCentre for Operational Research and Analysis.
830#0|aScientific report (Defence R&D Canada)|vDRDC-RDDC-2017-R213.|w(CaOODSP)9.802305
85640|qPDF|s1.02 MB|uhttps://publications.gc.ca/collections/collection_2019/rddc-drdc/D68-2-213-2018-1-eng.pdf